Steins;Gate characters - Statistics

General Stats
  • This quiz has been taken 68 times
  • The average score is 10 of 22
Answer Stats
CHARACTER % Correct
Kurisu Makise
98%
Rintaro Okabe
98%
Itaru Hashida
92%
Mayuri Shiina
90%
Amadeus System(Kurisu)
71%
Suzuha Amane
71%
Moeka Kiryu
67%
Luka Urushibara
59%
Faris NyanNyan
51%
Nae Tennouji
41%
Maho Hiyajo
39%
Yuugo Tennouji
37%
Yuki Amane
35%
Kagari Shiina
29%
Alexis Leskinen
27%
Judy Reyes
12%
Yukitaka Akiha
10%
Kaede Kurushima
8%
Eisuke Urushibara
6%
Katsumi Nakase
6%
Shouichi Makise
6%
Kuroki
2%
No matching quizzes found
Score Distribution
Percent of People with Each Score
Percentile by Number Answered
Your Score History
You have not taken this quiz